Supplement to cultivation and utilization of medicinal plants (Record no. 41732)

MARC details
000 -LEADER
fixed length control field 00350nam a2200121Ia 4500
082 ## - DEWEY DECIMAL CLASSIFICATION NUMBER
Classification number 633.88
Item number HAN
245 #0 - TITLE STATEMENT
Title Supplement to cultivation and utilization of medicinal plants
260 ## - PUBLICATION, DISTRIBUTION, ETC. (IMPRINT)
Place of publication Jammu-Tawi
Name of publisher Regional Research Laboratory
Year of publication 1996
700 ## - ADDED ENTRY--PERSONAL NAME
Personal name Handa, S S
700 ## - ADDED ENTRY--PERSONAL NAME
Personal name Kaul, M K
942 ## - ADDED ENTRY ELEMENTS (KOHA)
Koha item type Books
Holdings
Withdrawn status Lost status Damaged status Not for loan Home library Current library Date acquired Cost, normal purchase price Full call number Accession Number Koha item type
        RRII Library RRII Library 16/12/2021 300.00 633.88 HAN 22018 Books